Compiler design

Αποθηκεύτηκε σε:
Λεπτομέρειες βιβλιογραφικής εγγραφής
Κύριος συγγραφέας: Wilhelm, Reinhard
Άλλοι συγγραφείς: Maurer, Dieter
Μορφή: Βιβλίο
Γλώσσα:English
Δημοσίευση: Harlow, England : Addison-Wesley, 1995
Σειρά:International computer science series
Θέματα:
Ετικέτες: Προσθήκη ετικέτας
Δεν υπάρχουν, Καταχωρήστε ετικέτα πρώτοι!

MARC

LEADER 00000nam a2200000 i 4500
001 1/95920
008 000128s1995 eng d
020 |a 0201422905 
035 |l 10055516 
040 |a GR-MY-UA  |b gre  |e aacr 
041 0 |a eng 
082 0 |a 005.453 
100 1 |a Wilhelm, Reinhard. 
245 1 0 |a Compiler design /  |c Reinhard Wilhelm, Dieter Mauer ; translated by Stephen S. Wilson 
260 |a Harlow, England :   |b Addison-Wesley,   |c 1995 
300 |a xv, 606 p.;  |b ill.;  |c 24 cm. 
490 1 |a International computer science series 
504 |a Includes bibliographical references and index 
650 0 0 |a Compilers (Computer programs) 
700 1 |a Maurer, Dieter. 
830 0 |a International computer science series 
852 |a INST  |b SAMOS  |e 20000128  |h 005.453 WIL  |p 005300016305  |q 005300016305  |t BK  |y 0 
901 |a BIBL3-2000-1 
909 |a Σ  |b 071062 
922 |a 3ΕΛΗ  |b 199911  |c ΤΠΕΣ  |d ΠΑΠΑΣΩΤΗΡΙΟΥ 
950 |a 133-1999-07-20 
970 |a ΓΕΝΟΥΖΟΥ  |b ΧΡΥΣΑΝΘΗ  |z 2000/01/28